Score 0/20 Timer 04:00
0 Plays Today
Rank Country % Correct
25Egypt
80.1%
30Sweden
78.9%
18Iran
78.5%
19Poland
78.2%
26Pakistan
73%
39Ukraine
70.7%
33Greece
69.8%
23Thailand
69.3%
32Switzerland
69.1%
27Colombia
68.8%
Rank Country % Correct
20Netherlands
68.1%
12Spain
65.8%
36Austria
65%
28Belgium
64.8%
31Venezuela
63.3%
29Malaysia
63.1%
34Nigeria
62.1%
35Philippines
55.6%
38Romania
54.2%
40Algeria
49.5%
Remove Ads.
Support Sporcle.
Get the best of Sporcle when you Go Orange. This ad-free experience offers more features, more stats, and more fun while also helping to support Sporcle. Thank you for becoming a member.

You're not logged in!

Compare scores with friends on all Sporcle quizzes.
OR
Log In

Show Comments

Extras

Top Quizzes Today


Score Distribution

Your Account Isn't Verified!

In order to create a playlist on Sporcle, you need to verify the email address you used during registration. Go to your Sporcle Settings to finish the process.

Report this User

Report this user for behavior that violates our Community Guidelines.

Details: